|
|
|
|
| LEADER |
01258nam a22002537a 4500 |
| 001 |
39272 |
| 003 |
BD-DhAAL |
| 005 |
20230806162247.0 |
| 008 |
220807t2011 bg ||||| |||| 00| 0 eng d |
| 040 |
|
|
|a BD-DhAAL
|c BD-DhAAL
|
| 082 |
|
|
|a 174.9097
|
| 245 |
|
|
|a Jatri ethics and standards handbook for journalists /
|c JATRI.
|
| 260 |
|
|
|a Dhaka :
|b JATRI (Journalism Training and Research Initiative),
|c 2011.
|
| 300 |
|
|
|a 95 pages ;
|c 21 cm.
|
| 500 |
|
|
|a JATRI- Journalism Training and Research Initiative.
|
| 541 |
|
|
|a Donated By Akbar Ali Khan
|e 39272, 41309
|
| 650 |
|
|
|a Journalistic ethics.
|9 50658
|
| 650 |
|
|
|a Journalists
|x Professional ethics.
|9 50659
|
| 710 |
|
|
|a JATRI (Journalism Training and Research Initiative)
|9 55230
|
| 852 |
|
|
|a Ayesha Abed Library
|c Akbar Ali Khan Collection
|
| 942 |
|
|
|2 ddc
|c BK
|
| 999 |
|
|
|c 44788
|d 44788
|
| 952 |
|
|
|0 0
|1 0
|2 ddc
|4 0
|6 174_909700000000000_JAT
|7 1
|9 71592
|a BRACUL
|b BRACUL
|c AAKC
|d 2022-08-07
|e Donated by Akbar Ali Khan
|g 300.00
|l 0
|o 174.9097 JAT
|p 3010039272
|r 2022-08-07
|t 1
|w 2022-08-07
|y BK
|x Price available in book.
|
| 952 |
|
|
|0 0
|1 0
|2 ddc
|4 0
|6 174_909700000000000_JAT
|7 1
|9 74182
|a BRACUL
|b BRACUL
|c CS1
|d 2023-08-06
|e Donated by Akbar Ali Khan
|g 300.00
|l 0
|o 174.9097 JAT
|p 3010041309
|r 2023-08-06
|t 2
|w 2023-08-06
|y BK
|x Price available in book.
|